Boží pravda může změnit tvůj život /

Hlavní autor: Knight, George R., 1941-
Korporativní autor: Advent-Orion (nakladatelství)
Jazyk: Čeština
Vydáno: Praha : Advent-Orion, spol. s r.o., 2022
Vydání: Vydání první
Témata:
Fyzický popis: 118 stran ; 21 cm
Knihy
Uloženo v:
LEADER 02405nam a2200661 i 4500
001 nkc20223457108
003 CZ PrNK
005 20230105095438.0
007 ta
008 220926s2022 xr e 000 0 cze
015 |a cnb003457108 
020 |a 978-80-7172-498-8  |q (brožováno) 
035 |a (OCoLC)1369541392 
040 |a OLA001  |b cze  |d ABA001  |e rda 
041 1 |a cze  |h eng 
072 7 |a 27  |x Křesťanství. Křesťanská církev všeobecně. Eklesiologie  |2 Konspekt  |9 5 
080 |a 27-184  |2 MRF 
080 |a 111.83  |2 MRF 
080 |a 17.02  |2 MRF 
080 |a 27-4  |2 MRF 
080 |a 316.728  |2 MRF 
080 |a 27  |2 MRF 
080 |a 2-474-256-277  |2 MRF 
080 |a 279.14-1/-9  |2 MRF 
080 |a (049)  |2 MRF 
100 1 |a Knight, George R.,  |d 1941-  |7 jn20020717058  |4 aut 
240 1 0 |a God's truth can change your life.  |l Česky 
245 1 0 |a Boží pravda může změnit tvůj život /  |c George R. Knight ; překlad Advent-Orion 
250 |a Vydání první 
264 1 |a Praha :  |b Advent-Orion, spol. s r.o.,  |c 2022 
300 |a 118 stran ;  |c 21 cm 
336 |a text  |b txt  |2 rdacontent 
337 |a bez média  |b n  |2 rdamedia 
338 |a svazek  |b nc  |2 rdacarrier 
500 |a Přeloženo z angličtiny 
504 |a Obsahuje bibliografické odkazy 
650 0 7 |a Bůh a člověk  |7 ph116953  |2 czenas 
650 0 7 |a pravda  |7 ph124557  |x křesťanské pojetí  |2 czenas 
650 0 7 |a smysl života  |7 ph125718  |x křesťanské pojetí  |2 czenas 
650 0 7 |a křesťanský život  |7 ph122132  |2 czenas 
650 0 7 |a každodenní život  |7 ph121555  |x křesťanské pojetí  |2 czenas 
650 0 7 |a biblická interpretace  |7 ph118847  |2 czenas 
650 0 7 |a učení adventismu  |7 ph139370  |2 czenas 
650 0 9 |a relations between God and man  |2 eczenas 
650 0 9 |a truth  |x Christian approach  |2 eczenas 
650 0 9 |a sense of life  |x Christian approach  |2 eczenas 
650 0 9 |a Christian life  |2 eczenas 
650 0 9 |a everyday life  |x Christian approach  |2 eczenas 
650 0 9 |a Biblical interpretation  |2 eczenas 
650 0 9 |a Adventist doctrine  |2 eczenas 
655 7 |a pojednání  |7 fd133056  |2 czenas 
655 9 |a essays  |2 eczenas 
710 2 |a Advent-Orion (nakladatelství)  |7 ko2002150270  |4 trl  |4 isb 
910 2 |a BOA001  |b 1-1492.841 
990 |a BK 
995 |a 01 
991 |b 202210  |c NOV 
996 6 |b 2610915879  |c 1-1492.841  |l MZK  |r Sklad / do 1 hodiny  |n 0  |p p.v.  |w 001900805  |u 000010  |a 1  |e BOA001  |j MZK50  |s P